| 000 | 00389nam a22001697a 4500 | ||
|---|---|---|---|
| 003 | MACL | ||
| 005 | 20211007140018.0 | ||
| 008 | 211007b |||||||| |||| 00| 0 eng d | ||
| 040 | _cMACL | ||
| 082 | _a823/TAN | ||
| 100 |
_aUpendra Tankha _981224 |
||
| 245 | _aThe INHERITOR A Novella | ||
| 260 |
_aNew Delhi _bStellar Pub. _c2011 |
||
| 300 | _ap98 | ||
| 650 | _aNovel | ||
| 942 |
_2ddc _cBK |
||
| 999 |
_c64490 _d64490 |
||